|
|
|
|
| LEADER |
00000cam a2200000 7i4500 |
| 001 |
0000007429 |
| 005 |
20091230093000.0 |
| 008 |
021119n |
| 020 |
|
|
|a 0582724252
|
| 090 |
0 |
0 |
|a QK490.M3
|b M3 (j3)
|
| 110 |
0 |
|
|a Malaysia .
|b Kementerian Perusahaan Utama .
|b Jabatan Perhutanan
|
| 245 |
0 |
0 |
|a Tree flora of Malaya :
|b a manual for foresters
|c Forest Department, Ministry of Primary Industries, Malaysia
|f edited by F. S. P. Ng
|
| 260 |
2 |
|
|a Kuala Lumpur :
|b Longman ,
|c 1978
|
| 300 |
|
|
|a V. 3 : 339 p. ; ;
|c 24 cm.
|
| 501 |
|
|
|a Includes index
|
| 650 |
|
0 |
|a Trees
|z Malaysia
|v Handbooks, manuals, etc.
|
| 650 |
|
0 |
|a Trees
|z Malaysia
|x Classification
|
| 700 |
0 |
|
|a Ng, F. S. P. ,
|e author
|
| 999 |
|
|
|a 1000051944
|b Book
|c Reference
|e Tembila Campus
|